| 000 | 00722nam a22002177a 4500 | ||
|---|---|---|---|
| 999 |
_c1565 _d1565 |
||
| 003 | AR-CdUCM | ||
| 008 | 190227b ||||| |||| 00| 0 spa d | ||
| 040 |
_aMUNICIPALIDAD PROVINCIAL DEL CUSCO _cBIBLIOTECA MUNICIPAL DEL CUSCO |
||
| 082 |
_22ed. _a869.812 / _bAG32 |
||
| 100 |
_aAgustini, Delmira _95868 |
||
| 245 | _aPoesías completas / | ||
| 260 |
_aBuenos Aires : _bEditorial losada, S.A, _c1944. |
||
| 300 |
_a197 páginas ; _c21 cm. |
||
| 505 | _aAntología -- Ofrendando el libro -- Visión -- Otra estirpe ... | ||
| 650 |
_aPoesía. _9139 |
||
| 650 |
_aPoesía uruguaya. _92908 |
||
| 650 |
_aSiglo XX. _98 |
||
| 700 |
_aZum Felde, Alberto (selección) _95869 |
||
| 942 |
_2ddc _cLIBROS |
||
| 945 |
_amvr _d2019-02-27 |
||